| 000 | 00345nam a22001337a 4500 | ||
|---|---|---|---|
| 020 | _a978-8180549687 | ||
| 041 | _aENG | ||
| 100 | _aBhushan.Y.K | ||
| 245 | _aFundamentals Of Business Organisation & Management | ||
| 260 |
_aNew Delhi _bSultan Chand & Sons _c2001 |
||
| 300 | _a851 | ||
| 650 | _aAgricultural | ||
| 856 | _uAgricultural ( 19 ) | ||
| 999 |
_c2182 _d2182 |
||